Gérard Lenclud, En Corse. Une société en mosaïque. Paris, Éditions de la Maison des sciences de l’homme, 2012, 270 p. (notice n° 1623522)
[ vue normale ]
| 000 -LEADER | |
|---|---|
| fixed length control field | 00545cam a2200145 4500500 |
| 005 - DATE AND TIME OF LATEST TRANSACTION | |
| control field | 20260111092415.0 |
| 041 ## - LANGUAGE CODE | |
| Language code of text/sound track or separate title | fre |
| 042 ## - AUTHENTICATION CODE | |
| Authentication code | dc |
| 100 10 - MAIN ENTRY--PERSONAL NAME | |
| Personal name | Gaveau, Fabien |
| Relator term | author |
| 245 00 - TITLE STATEMENT | |
| Title | Gérard Lenclud, En Corse. Une société en mosaïque. Paris, Éditions de la Maison des sciences de l’homme, 2012, 270 p. |
| 260 ## - PUBLICATION, DISTRIBUTION, ETC. | |
| Date of publication, distribution, etc. | 2013.<br/> |
| 500 ## - GENERAL NOTE | |
| General note | 62 |
| 786 0# - DATA SOURCE ENTRY | |
| Note | Études rurales | 191 | 1 | 2013-07-01 | p. 221e-232e | 0014-2182 |
| 856 41 - ELECTRONIC LOCATION AND ACCESS | |
| Uniform Resource Identifier | <a href="https://shs.cairn.info/revue-etudes-rurales-2013-1-page-221e?lang=fr&redirect-ssocas=7080">https://shs.cairn.info/revue-etudes-rurales-2013-1-page-221e?lang=fr&redirect-ssocas=7080</a> |
Pas d'exemplaire disponible.




Réseaux sociaux